[Event "IECC CL5-2005.08 email"]
[Site "IECC email"]
[Date "2005.04.29"]
[Round "?"]
[White "Sanchez, Christian"]
[Black "Clews, William A"]
[Result "1-0"]
[WhiteElo "1467"]
[BlackElo "1475"]
[PlyCount "37"]
[EventDate "2005.??.??"]
[EventType "tourn (corr)"]
[EventRounds "4"]
[SourceTitle "Corr 2015"]
[Source "ChessBase"]
[SourceDate "2015.07.17"]
[SourceVersion "1"]
[SourceVersionDate "2015.07.17"]
[SourceQuality "1"]

1. e4 Nf6 2. e5 Nd5 3. Nc3 Nxc3 4. bxc3 d6 5. f4 Nc6 6. Nf3 dxe5 7. fxe5 Qd5 8. d4 Bg4 9. Be2 e6 10. 0-0 Be7 11. Ng5 Bxe2 12. Qxe2 0-0 13. Qg4 Rad8 14. Ne4 Kh8 15. Bg5 h6 16. Nf6 Bxf6 17. Bxf6 Rg8 18. Bxd8 Qxd8 19. Rxf7 1-0

[Event "IECC CL6-2004.23 email"]
[Site "IECC email"]
[Date "2004.11.05"]
[Round "?"]
[White "Osorio, Ruben"]
[Black "Clews, William A"]
[Result "1-0"]
[WhiteElo "1305"]
[BlackElo "1445"]
[PlyCount "65"]
[EventDate "2004.??.??"]
[EventType "tourn (corr)"]
[EventRounds "4"]
[SourceTitle "Corr 2008"]
[Source "ChessBase"]
[SourceDate "2008.06.24"]
[SourceVersion "1"]
[SourceVersionDate "2008.06.24"]
[SourceQuality "1"]

1. e4 d5 2. exd5 Nf6 3. Nf3 Nxd5 4. d4 Bg4 5. h3 Bh5 6. c4 Nb6 7. Nc3 e6 8. g4 Bg6 9. Bg2 Bb4 10. Ne5 c6 11. Qb3 Bxc3+ 12. bxc3 Qe7 13. Ba3 Qc7 14. Rd1 N8d7 15. Nd3 0-0-0 16. 0-0 Bxd3 17. Rxd3 Ne5 18. Rdd1 Nexc4 19. Rfe1 Na5 20. Qc2 Nbc4 21. Bc1 Rd7 22. Qe4 Nd6 23. Qf3 Qd8 24. a4 Nac4 25. Bf4 h6 26. Bxd6 Nxd6 27. Rb1 a5 28. Bf1 Ne8 29. Rb2 Nf6 30. Reb1 Nd5 31. Ba6 Nb4 32. cxb4 bxa6 33. bxa5 1-0

[Event "IECC CL6-2004.21 email"]
[Site "IECC email"]
[Date "2004.10.25"]
[Round "?"]
[White "Clews, William A"]
[Black "Von Rosenberg, Clemens"]
[Result "1-0"]
[WhiteElo "1381"]
[BlackElo "1345"]
[PlyCount "33"]
[EventDate "2004.??.??"]
[EventType "tourn (corr)"]
[EventRounds "4"]
[SourceTitle "Corr 2008"]
[Source "ChessBase"]
[SourceDate "2008.06.24"]
[SourceVersion "1"]
[SourceVersionDate "2008.06.24"]
[SourceQuality "1"]

1. e4 c5 2. Nf3 Nc6 3. d3 e6 4. g3 d5 5. Nbd2 Nf6 6. Bg2 Be7 7. 0-0 0-0 8. Re1 b6 9. e5 Nd7 10. c4 d4 11. Ne4 Bb7 12. Bf4 Qc7 13. h4 h6 14. Nf6+ Kh8 15. Ng4 Kh7 16. Nf6+ Kh8 17. Qd2 1-0

[Event "IECC CL6-2004.16 email"]
[Site "IECC email"]
[Date "2004.08.14"]
[Round "?"]
[White "Jolette, Daniel"]
[Black "Clews, William A"]
[Result "0-1"]
[WhiteElo "1104"]
[BlackElo "1401"]
[PlyCount "76"]
[EventDate "2004.??.??"]
[EventType "tourn (corr)"]
[EventRounds "4"]
[SourceTitle "Corr 2008"]
[Source "ChessBase"]
[SourceDate "2008.06.24"]
[SourceVersion "1"]
[SourceVersionDate "2008.06.24"]
[SourceQuality "1"]

1. d4 d5 2. c4 e6 3. Nf3 Be7 4. Bf4 Nf6 5. e3 0-0 6. Bd3 dxc4 7. Bxc4 Nh5 8. Bg3 Nxg3 9. hxg3 Nd7 10. Qc2 h6 11. Nc3 Nb6 12. Be2 Nd5 13. g4 Nxc3 14. bxc3 f5 15. gxf5 exf5 16. Bc4+ Kh8 17. Ne5 Qe8 18. Ke2 Bf6 19. Nf3 Qc6 20. Qd3 a6 21. a4 b6 22. Bb3 Bd7 23. Rh5 Qe4 24. Rxf5 Qxd3+ 25. Kxd3 Bxf5+ 26. Kd2 c5 27. Rh1 cxd4 28. cxd4 Rac8 29. Nh4 Bxh4 30. Rxh4 Bc2 31. Bxc2 Rxf2+ 32. Kd3 Rcxc2 33. g3 Rfd2+ 34. Ke4 Rc4 35. Rf4 Kg8 36. Rf1 Rxa4 37. Rc1 Ra3 38. Re1 Rdd3 0-1

[Event "IECG CE.2004.0.00069 email"]
[Site "IECG email"]
[Date "2004.03.24"]
[Round "?"]
[White "Dicey, Alan"]
[Black "Clews, William A"]
[Result "0-1"]
[WhiteElo "1200"]
[BlackElo "1333"]
[PlyCount "86"]
[EventDate "2004.03.24"]
[EventType "tourn (corr)"]
[EventRounds "6"]
[SourceTitle "Corr 2008"]
[Source "ChessBase"]
[SourceDate "2008.06.24"]
[SourceVersion "1"]
[SourceVersionDate "2008.06.24"]
[SourceQuality "1"]

1. e4 e5 2. Nf3 d6 3. g3 g6 4. Bg2 Bg7 5. 0-0 Nc6 6. c4 Nge7 7. Nc3 0-0 8. d3 a6 9. b3 f5 10. Bg5 h6 11. Bxe7 Qxe7 12. a3 fxe4 13. dxe4 Bg4 14. Ra2 Nd4 15. Ne2 Bxf3 16. Bxf3 Nxf3+ 17. Kg2 Qg5 18. Ng1 Nxg1 19. Kxg1 Rf7 20. Qd5 Rb8 21. Kg2 Qe7 22. f3 c6 23. Qd1 Rbf8 24. a4 h5 25. h3 Bh6 26. Qd3 Rf6 27. Raf2 Qc7 28. h4 Qb6 29. Qd1 Be3 30. Rc2 Qxb3 31. a5 Bd4 32. Qe2 Rxf3 33. Rxf3 Rxf3 34. Qxf3 Qxc2+ 35. Kh3 Bg1 36. Qg2 Qxg2+ 37. Kxg2 Bc5 38. g4 Bb4 39. gxh5 gxh5 40. Kf3 Bxa5 41. Ke2 b5 42. Kd3 c5 43. Kc2 Be1 0-1